Normal view
MARC view
- اللغة العربية-كتاب المفتاح المنشا لحديقة الإنشاء
Entry Topical Term
001 - CONTROL NUMBER
- control field: 9029
003 - CONTROL NUMBER IDENTIFIER
- control field: JO-AjAnu
005 - DATE AND TIME OF LATEST TRANSACTION
- control field: 20230606071744.0
008 - FIXED-LENGTH DATA ELEMENTS
- fixed length control field: 230606|| aca||aabn | a|a d
040 ## - CATALOGING SOURCE
- Original cataloging agency: JO-AjAnu
- Transcribing agency: JO-AjAnu
150 ## - HEADING--TOPICAL TERM
- Topical term or geographic name entry element: اللغة العربية-كتاب المفتاح المنشا لحديقة الإنشاء
670 ## - SOURCE DATA FOUND
- Source citation: Work cat.: (JO-AjAnu)4658: تأليف الأثير، ضياء الدين؛حققة عبد الواحد حسن الشيخ, author 9028, كتاب المفتاح المنشا لحديقة الإنشاء